000 00574nam a2200205Ia 4500
005 20250326145054.0
008 250326s9999 xx 000 0 und d
037 _aTextbook
040 _aFMSL
_beng
_cFMSL
041 _aeng
_2eng
084 _aX:8 P6
_qFMSL
100 _aRobinson L A
_9750302
245 0 _aTrust your gut: how the power of intuition can grow your business
_cRobinson L A
260 _aChicago
_bChicago, Kaplan
_c2006
300 _a209p
365 _b1154.75
650 _aManagement
942 _cTB
_hX:8 P6
999 _c1306269
_d1306269